Library of the University of Algiers 3
Ibrahim Sultan Cheibout
شعار جامعة الجزائر 3
مكتبة جامعة الجزائر 3
إبراهيم سلطان شيبوط

المحاسبة الحكومية بين النظرية والتطبيق / (رقم التسجيلة. 42749)

تفاصيل مارك
000 -LEADER
fixed length control field 01920nam a2200229Ia 4500
003 - CONTROL NUMBER IDENTIFIER
control field Ost
005 - DATE AND TIME OF LATEST TRANSACTION
control field 20260507075057.0
008 - FIXED-LENGTH DATA ELEMENTS--GENERAL INFORMATION
fixed length control field 260507s9999||||xx |||||||||||||| ||und||
040 ## - CATALOGING SOURCE
Transcribing agency fsecg
041 ## - LANGUAGE CODE
Language code of text/sound track or separate title ara
082 ## - DEWEY DECIMAL CLASSIFICATION NUMBER
Classification number 657.835
100 ## - MAIN ENTRY--PERSONAL NAME
Personal name كراجة، عبد الحليم محمود
Relator term مؤلف
245 #0 - TITLE STATEMENT
Title المحاسبة الحكومية بين النظرية والتطبيق /
Statement of responsibility, etc. عبد الحليم محمود كراجة
260 ## - PUBLICATION, DISTRIBUTION, ETC.
Place of publication, distribution, etc. اربد:
Name of publisher, distributor, etc. دار الأمل,
Date of publication, distribution, etc. 1997
300 ## - PHYSICAL DESCRIPTION
Extent 214 صفحة؛
Other physical details إيضاحات ؛
Dimensions 24 سم
490 ## - SERIES STATEMENT
Series statement مراجع المحاسب
Volume/sequential designation 3
504 ## - BIBLIOGRAPHY, ETC. NOTE
Bibliography, etc. note المراجع ص.211
520 ## - SUMMARY, ETC.
Summary, etc. مدخل في المحاسبة الحكومية،الموازنة العامة للدولة،القواعد الأساسية للموازنة وتعريفها،تبويب الموازنة العامة،تطور الموازنة العامة للدولة،الموازنة العامة في الأردن،إعداد الموازنة العامة،النظام المحاسبي الحكومي،الرقابة الداخلية،الرقابة على المتحصلات النقدية وغير النقدية،الرقابة الداخلية للديون الحكومية والدفاتر ذات القيمة،الرقابة على مخازن الدولة،الحسابات الوسيطة،تدقيق حسابات البنك،التسويات المحاسبية،تصحيح الأخطاء-الرقابة على تنفيذ الموازنة العامة للدولة،رقابة وزارة المالية،رقابة ديوان المحاسبة،رقابة السلطة التشريعية،الحساب الختامي للدولة
653 ## - INDEX TERM--UNCONTROLLED
Uncontrolled term الاردن - الموازنة العامة
653 ## - INDEX TERM--UNCONTROLLED
Uncontrolled term المحاسبة الحكومية
942 ## - ADDED ENTRY ELEMENTS (KOHA)
Koha item type كتب
المقتنيات
Withdrawn status Lost status Source of classification or shelving scheme Damaged status Not for loan Home library Current library Date acquired Serial enumeration / chronology Inventory number Total checkouts Full call number Barcode Date last seen Price effective from Koha item type
    Dewey Decimal Classification   NOT LOAN / إعارة داخلية مكتبة كلية العلوم الإقتصادية والعلوم التجارية وعلوم التسيير مكتبة كلية العلوم الإقتصادية والعلوم التجارية وعلوم التسيير 07/05/2026 الطابق الأرضي 1025/1   أ/1025ن1 1025/1 07/05/2026 07/05/2026 كتب
    Dewey Decimal Classification   Available مكتبة كلية العلوم الإقتصادية والعلوم التجارية وعلوم التسيير مكتبة كلية العلوم الإقتصادية والعلوم التجارية وعلوم التسيير 07/05/2026 الطابق الأرضي 1025/2   أ/1025ن2 1025/2 07/05/2026 07/05/2026 كتب
    Dewey Decimal Classification   Available مكتبة كلية العلوم الإقتصادية والعلوم التجارية وعلوم التسيير مكتبة كلية العلوم الإقتصادية والعلوم التجارية وعلوم التسيير 07/05/2026 الطابق الأرضي 1025/3   أ/1025ن3 1025/3 07/05/2026 07/05/2026 كتب
    Dewey Decimal Classification   Available مكتبة كلية العلوم الإقتصادية والعلوم التجارية وعلوم التسيير مكتبة كلية العلوم الإقتصادية والعلوم التجارية وعلوم التسيير 07/05/2026 الطابق الثاني 1025/4   أ/1025ن4 1025/4 07/05/2026 07/05/2026 كتب
    Dewey Decimal Classification   Available مكتبة كلية العلوم الإقتصادية والعلوم التجارية وعلوم التسيير مكتبة كلية العلوم الإقتصادية والعلوم التجارية وعلوم التسيير 07/05/2026 الطابق الثاني 1025/5   أ/1025ن5 1025/5 07/05/2026 07/05/2026 كتب

موارد الويب المفتوحة


© University of Algiers 3 All Rights Reserved
|
Implemented by LECHELAH Riad